| 000 | 00709nam a2200253Ia 4500 | ||
|---|---|---|---|
| 003 | 0100 | ||
| 005 | 20161220082956.0 | ||
| 008 | 130303s9999 xx 000 0 und d | ||
| 020 | _a0385144830 | ||
| 040 | _cARRUPELIB | ||
| 050 | _aREF.BS192.2.A11964.G3 1993 | ||
| 100 |
_aMeyers, Carol L _928111 |
||
| 245 | _aZechariah 9-14 | ||
| 245 | _ba new translation with introduction and commentary | ||
| 250 | _a1st ed. | ||
| 260 | _aNew york | ||
| 260 | _bDoubleday & Co. | ||
| 300 | _axxii | ||
| 300 | _b 552p. 25cm. | ||
| 440 |
_aThe anchor bible series ; vol. 25c _928112 |
||
| 650 |
_aBible O.T. _xZachariah _xCommentaries _928113 |
||
| 700 |
_aMeyers , Eric M _928114 |
||
| 942 |
_2lcc _cMONOGRAPH |
||
| 999 |
_c19329 _d19329 |
||